বাংলা নাটকের ইতিহাস / (Record no. 40272)
[ view plain ]
| 000 -LEADER | |
|---|---|
| fixed length control field | 00990nam a2200241 a 4500 |
| 001 - CONTROL NUMBER | |
| control field | 40272 |
| 003 - CONTROL NUMBER IDENTIFIER | |
| rucl marc code | BD-RjUL |
| 005 - DATE AND TIME OF LATEST TRANSACTION | |
| control field | 20211209053200.0 |
| 008 - FIXED-LENGTH DATA ELEMENTS--GENERAL INFORMATION | |
| fixed length control field | 160427r20011999ii ||||| |||| 00| 0 b d |
| 035 ## - SYSTEM CONTROL NUMBER | |
| System control number | (BD-RjUL) 40387 |
| 040 ## - CATALOGING SOURCE | |
| Original cataloging agency | BD-RjUL |
| Language of cataloging | ben |
| Transcribing agency | BD-RjUL |
| 041 ## - LANGUAGE CODE | |
| Language code of text/sound track or separate title | ben |
| 082 ## - DEWEY DECIMAL CLASSIFICATION NUMBER | |
| Edition number | 23 |
| Classification number | 891.44209 |
| Author mark and year | GHB 2001 |
| 100 ## - MAIN ENTRY--PERSONAL NAME | |
| Personal name | ঘোষ, অজিতকুমার |
| 9 (RLIN) | 121928 |
| 245 10 - TITLE STATEMENT | |
| Title | বাংলা নাটকের ইতিহাস / |
| Statement of responsibility, etc. | অজিতকুমার ঘোষ |
| 250 ## - EDITION STATEMENT | |
| Edition statement | ৮ম সং. সংশোধিত ও পরিবর্ধিত |
| 260 ## - PUBLICATION, DISTRIBUTION, ETC. (IMPRINT) | |
| Place of publication, distribution, etc. | কলকাতা : |
| Name of publisher, distributor, etc. | জেনারেল, |
| Date of publication, distribution, etc. | ২০০১ |
| 300 ## - PHYSICAL DESCRIPTION | |
| Pagination | [৮], ৫৬৮ পৃ. ; |
| Size | ২২ সেমি. |
| 504 ## - BIBLIOGRAPHY, ETC. NOTE | |
| Bibliography, etc | নির্ঘণ্ট ও তথ্যপঞ্জি সংযুক্ত |
| 650 ## - SUBJECT ADDED ENTRY--TOPICAL TERM | |
| Topical term or geographic name as entry element | বাংলা নাটক |
| General subdivision | ইতিহাস ও সমালোচনা |
| 9 (RLIN) | 123674 |
| Topical term or geographic name as entry element | Bengali Drama |
| General subdivision | History and Criticism |
| 9 (RLIN) | 122764 |
| 942 ## - ADDED ENTRY ELEMENTS (KOHA) | |
| Source of classification or shelving scheme | Dewey Decimal Classification |
| Koha item type | Books |
| Lost status | Source of classification or shelving scheme | Damaged status | Not for loan | Collection code | Permanent Location | Current Location | Shelving location | Date acquired | Total Checkouts | Full call number | Date last seen | Date checked out | Copy number | Koha item type |
|---|---|---|---|---|---|---|---|---|---|---|---|---|---|---|
| Dewey Decimal Classification | Non-fiction | Central Library, University of Rajshahi | Central Library, University of Rajshahi | 27/04/2016 | 3 | B 891.44209 GHB 2001 | 23/02/2026 | 12/01/2026 | C-2 | Books |